El general Prieto
Saved in:
| Hovedforfatter: | |
|---|---|
| Format: | Bog |
| Sprog: | spansk |
| Udgivet: |
Santiago, Chile
Alonso de Ovalle
1951
|
| Fag: | |
| Tags: |
Tilføj Tag
Ingen Tags, Vær først til at tagge denne postø!
|
MARC
| LEADER | 00000cam a2200000 a 4500 | ||
|---|---|---|---|
| 001 | UCZ6065 | ||
| 003 | CL-VaPUC | ||
| 005 | 20200825091603.0 | ||
| 008 | 951201e19510000CL |||||||||||||||||spa|d | ||
| 999 | |c 242324 |d 242322 | ||
| 040 | |c Pontificia Universidad Católica de Valparaíso | ||
| 082 | 0 | 4 | |a 983.04 CRU 1951 |2 21 |
| 100 | 0 | |a Cruz Correa, Fabio |e author |9 350269 | |
| 245 | 1 | 3 | |a El general Prieto |
| 260 | |a Santiago, Chile |b Alonso de Ovalle |c 1951 | ||
| 300 | |a 156 páginas | ||
| 583 | |a last modification |c 20130717 11:49:44 |k Rodrigo Vera | ||
| 600 | 0 | 7 | |a PRIETO, JOAQUIN |2 CL-VaPUC |9 350270 |
| 650 | 7 | |a HISTORIA LATINOAMERICANA |2 CL-VaPUC |9 347191 |z CHILE | |
| 852 | |a BIBCUR | ||
| 942 | |c BK |2 ddc | ||
| 945 | |d 19951201 00:00:00 |a lriquelm | ||
| 952 | |0 0 |1 0 |2 ddc |4 0 |6 983_040000000000000_CRU_1951 |7 0 |8 P |9 255183 |a BIBEDU |b BIBEDU |c BIBEDU_PB |d 2019-11-19 |i 1578928 |o 983.04 CRU 1951 |p 1578928 |r 2024-01-25 |t 1 |w 2019-11-19 |y BK |k FIL | ||